000 00683nam a2200193 i 4500
001 125511
003 ES-MaACL
005 20231206063234.0
007 t|
008 070614s1890 sw ||||1| fre d
100 1 _aVicuña, Gumersindo,
_d1840-1890
_9114406
245 1 0 _aSur quelques écrits mathématiques publiés en Espagne aux 16e et 17e siècles /
_cpar G. Vicuña à Madrid.
260 _aStockholm :
_bGustav Eneström,
_c1890.
300 _aP. 33-36 ;
_c22 cm.
500 _aSeparata de: "Biblioteca Mathematica", Stockholm, nº 4, 1890.
650 0 4 _aMatemáticas-
_zEspaña-
_vHistoria.
_914823
852 _aES-MaACL
_jT-559-F-13
999 _c125511
_d125511